Analysis of the Western Balkans Territories Using the Index of Economic Freedom

Súčasný stav ekonomickej slobody v regióne západného Balkánu pomocou Indexu ekonomickej slobody. Z teritórií západného Balkánu najlepšie hodnotenie v sledovanom období rokov 2010 - 2019 dosahuje Republika Severné Macedónsko a najhoršie Bosna a Hercegovina. Podľa Indexu hospodárskej slobody do roku 2...

ver descrição completa

Na minha lista:
Detalhes bibliográficos
Autor principal: Kašťáková, Elena, 1974-
Outros Autores: Chlebcová, Andrea, 1991-
Formato: Capítulo de Livro
Idioma:inglês
Assuntos:
Tags: Adicionar Tag
Sem tags, seja o primeiro a adicionar uma tag!

MARC

LEADER 00000naa a2200000 4500
001 0271468
005 20251111092703.6
041 0 |a eng 
044 |a SK 
245 1 0 |a Analysis of the Western Balkans Territories Using the Index of Economic Freedom  |c Elena Kašťáková, Andrea Chlebcová 
520 |a Súčasný stav ekonomickej slobody v regióne západného Balkánu pomocou Indexu ekonomickej slobody. Z teritórií západného Balkánu najlepšie hodnotenie v sledovanom období rokov 2010 - 2019 dosahuje Republika Severné Macedónsko a najhoršie Bosna a Hercegovina. Podľa Indexu hospodárskej slobody do roku 2020 patrí tento región do skupiny mierne slobodných ekonomík. 
610 2 0 |a sloboda ekonomická 
610 2 0 |a prostredie podnikateľské 
610 2 0 |a investície 
610 2 0 |a Balkán 
100 1 |a Kašťáková, Elena, 1974- 
700 1 |a Chlebcová, Andrea, 1991-